LEADER 00927nam0-2200289 --450 001 9910296158403321 005 20190918143930.0 010 $a88-548-0652-8 100 $a20181217d2006----kmuy0itay5050 ba 101 0 $aita 102 $aIT 105 $a 001yy 200 1 $aNon leggere questo libro, nuoce gravemente alla salute$estrategie, modelli e strumenti socio-giuridico-amministrativi della comunicazione sanitaria$fStefania Ferraro 210 $aRoma$cAracne$d2006 215 $a232 p.$d21 cm 225 1 $aA14$v93 610 0 $aSanità pubblica$aItalia$a1978-2005 676 $a362.10945$v21 676 $a361.1$v22$zita 700 1$aFerraro,$bStefania$0476989 801 0$aIT$bUNINA$gREICAT$2UNIMARC 901 $aBK 912 $a9910296158403321 952 $a361.1 FER 1$b6385$finserire BAS 959 $aBFS 996 $aNon leggere questo libro, nuoce gravemente alla salute$9238671 997 $aUNINA LEADER 01097oam 2200277z- 450 001 9910689653103321 005 20240604134038.0 035 $a(CKB)5860000000019707 035 $a(BIP)011451781 035 $a(EXLCZ)995860000000019707 100 $a20231017c2003uuuu -u- - 101 0 $aeng 200 00$aConfirmation hearings on federal appointments : hearing before the Committee on the Judiciary, United States Senate, One Hundred Eighth Congress, first session. - Part 1 210 $cU.S. G.P.O 311 $a0-16-070899-0 517 $aConfirmation hearing on federal appointments 517 $aConfirmation hearings on federal appointments 610 $aJudges 610 $aUnited States 610 $aLaw 610 $aPolitical science 712 02$aUnited States, Congress Senate Committee on the Judiciary Staff,$4oth 906 $aBOOK 912 $a9910689653103321 996 $aConfirmation hearings on federal appointments : hearing before the Committee on the Judiciary, United States Senate, One Hundred Eighth Congress, first session. - Part 1$93571545 997 $aUNINA LEADER 00980cam0 22002891 450 001 SOBE00079820 005 20251216091935.0 010 $a9788829018437 100 $a20240409d2023 |||||ita|0103 ba 101 $aita 102 $aIT 200 1 $aDigital humanities$emetodi, strumenti, saperi$fa cura di Fabio Ciotti 210 $aRoma$cCarocci$d2023 215 $a427 p.$d22 cm 225 2 $aStudi superiori$v1376 410 1$1001SOBE00016801$12001 $a*Studi superiori$v1376 500 11$aDigital humanities$3SOBA00030800$91568256 702 1$aCiotti, Fabio$3AF00013045$4070 801 0$aIT$bUNISOB$c20251216$gRICA 850 $aUNISOB 852 $aUNISOB$j800$m181357 912 $aSOBE00079820 940 $aM 102 Monografia moderna SBN 941 $aM 957 $a800$b000666$gBRE$d181357$n20240408$_15$rAcquisto$tV$[15$1Spinosa$2UNISOB$3UNISOB$420240409133447.0$520251216091935.0$6Spinosa$fTesto 2024/2025 996 $aDigital humanities$91568256 997 $aUNISOB